000 00690cab a2200217 4500
001 WB3316-24
008 090401t1997 xxu||||| |||| 00| 0 eng d
035 _a(Sirsi) u77964
041 _aeng
245 _aContaminated sites possess hidden assets
260 _c1997
350 _a0
490 _aProperty Week
_v25 April 1997, 6(1)
520 _aMany investors red-line contaminated property, when they could be missing out on property investment according to a survey by the College of Estate Management.
650 _aCOLLEGE OF ESTATE MANAGEMENT
650 _aCONTAMINATED PROPERTY
650 _aPROPERTY INVESTMENTS
690 _aLAND
942 _n0
948 _c25/04/1997
999 _c49035
_d49035